La dimensión oculta (Record no. 78759)

MARC details
000 -LEADER
campo de control de longitud fija 00643nam a2200181 i 4500
001 - NÚMERO DE CONTROL
campo de control 78759
003 - IDENTIFICADOR DE NÚMERO DE CONTROL
campo de control ES-MaACL
005 - FECHA Y HORA DE LA ÚLTIMA TRANSACCIÓN
campo de control 20230906173814.0
007 - CAMPO FIJO DE DESCRIPCIÓN FÍSICA--INFORMACIÓN GENERAL
campo de control de longitud fija t|
008 - DATOS DE LONGITUD FIJA--INFORMACIÓN GENERAL
campo de control de longitud fija 041015s1973 sp ||||1| spa d
100 1# - ENTRADA PRINCIPAL--NOMBRE DE PERSONA
Nombre de persona Hall, Edward Twitchell.
9 (RLIN) 61561
245 13 - MENCIÓN DEL TÍTULO
Título La dimensión oculta
Resto del título : enfoque antropológico del uso del espacio /
Mención de responsabilidad, etc. por Edward T. Hall ; traducción, Joaquín Hernández Orozco.
260 ## - PUBLICACIÓN, DISTRIBUCIÓN, ETC.
Lugar de publicación, distribución, etc. Madrid :
Nombre del editor, distribuidor, etc. Instituto de Estudios de Administración Local,
Fecha de publicación, distribución, etc. 1973.
300 ## - DESCRIPCIÓN FÍSICA
Extensión 312 p. ;
Dimensiones 22 cm.
700 1# - ENTRADA AGREGADA--NOMBRE PERSONAL
Nombre de persona Hernández Orozco, Joaquín.
9 (RLIN) 63007
852 ## - LOCALIZACIÓN
Ubicación ES-MaACL
Número de control de estantería C-52348
Sublocalización o colección R.85887
852 ## - LOCALIZACIÓN
Ubicación ES-MaACL
Número de control de estantería L-156
Sublocalización o colección R.100778
Holdings
Estatus retirado Estado de pérdida Estado de daño No para préstamo Biblioteca de origen Biblioteca actual Ubicación en estantería Fecha de adquisición Fuente de adquisición Total de préstamos Signatura topográfica completa Código de barras Visto por última vez Precio de reemplazo Tipo de ítem Koha
        Biblioteca del Ateneo de Madrid Biblioteca del Ateneo de Madrid Depósito 2 17/01/2008     L-156 1082371 23/02/2023 23/02/2023 Libro impreso
        Biblioteca del Ateneo de Madrid Biblioteca del Ateneo de Madrid Depósito 2 17/01/2008     C-52348 1082370 23/02/2023 23/02/2023 Libro impreso